| 000 | 00389nam a22001457a 4500 | ||
|---|---|---|---|
| 999 |
_c3464 _d3464 |
||
| 008 | 200616b ||||| |||| 00| 0 eng d | ||
| 082 | 0 | 0 |
_a428 _bS5341 |
| 100 |
_92852 _aShaw, Katy |
||
| 245 | 1 | 0 |
_aCollins COBUILD English grammar exercises / _cby Katy Shaw |
| 250 | _a1st ed. | ||
| 260 |
_aNew York: _bHarper Collins, _c1992. |
||
| 300 | _a108 p. | ||
| 650 | 0 | _aEnglish Language | |
| 942 | _cBK | ||